Recipients of Rajiv Gandhi Khel Ratna Award/ (Record no. 187620)

MARC details
000 -LEADER
fixed length control field 00550nam a22001817a 4500
005 - DATE AND TIME OF LATEST TRANSACTION
control field 20220426143919.0
010 ## - LCCN (DPL NO)
LC control number ENG-132397
020 ## - INTERNATIONAL STANDARD BOOK NUMBER
International Standard Book Number 9789383051366
Terms of availability 100.00
035 ## - SYSTEM CONTROL NUMBER
System control number EN-115930
037 ## - SOURCE OF ACQUISITION
Source of stock number/acquisition DBAD/PUB
082 ## - DEWEY DECIMAL CLASSIFICATION NUMBER
Classification number 796.358079
100 ## - MAIN ENTRY--PERSONAL NAME
Personal name Ramesh, B.G
245 ## - TITLE STATEMENT
Title Recipients of Rajiv Gandhi Khel Ratna Award/
Statement of responsibility, etc B.G. Ramesh
260 ## - PUBLICATION, DISTRIBUTION, ETC. (IMPRINT)
Place of publication, distribution, etc Chennai
Name of publisher, distributor, etc Unique Media Interogrators
Date of publication, distribution, etc 2014
270 ## - ADDRESS
City Chennai
Address No.8, 6th cross,8th Main Road
Postal code 600109
300 ## - PHYSICAL DESCRIPTION
Extent vi, 96p.
Dimensions 21cm(pbk)
942 ## - ADDED ENTRY ELEMENTS (KOHA)
Source of classification or shelving scheme Dewey Decimal Classification
Item type English Books
Classification part 796.358079
Call number suffix RAM
Holdings
Withdrawn status Lost status Not for loan Collection code Home library Current library Date acquired Source of acquisition Cost, normal purchase price Full call number Barcode Copy number Cost, replacement price Koha item type
      Non-fiction R.C.Libraries (zls) R.C.Libraries (zls) 26/04/2022 DBAD/PUB 100.00 796.358079 RAM EN-115930 1 100.00 English Books

© Delhi Public Library
Hit Counter
free hit counter